00475nam a22001577a 4500003000500000005001700005008004100022020001800063040000600081082001700087100004300104245007700147260003000224300000900254650005400263CEME20210628202203.0210209b xxu||||| |||| 00| 0 eng d a0-8493-2031-3 c. a621.3136 SIM aSimoes , M. Godoy ,Farret , Felix . A aRenewable energy systems ,design and analysis with induction generators aNEW YORKbCRC PRESSc2004 a358P aRENEWABLE ENERGY SOURCES.RENEWABLE ENERGY SYSTEMS